000 00971cam a2200229 4500
008 040427n2004 000 0 eng u
020 _a0110908899
035 _a(Sirsi) u128646
041 _aeng
245 4 _aThe Leasehold Valuation Tribunals (Procedure) (Wales) Regulations 2004
260 _aLondon
_bHMSO
_c2004
490 _aSI
_v2004: 681
520 _aOutlines procedure to be followed in connection with applications made to a Leasehold Valuation Tribunal. See Explanatory note for further details. View at www.legislation.hmso.gov.uk.
590 _aCLR
650 _aLEASEHOLD VALUATION TRIBUNALS
650 _aWALES
650 _aLEASEHOLD VALUATION TRIBUNALS (PROCEDURE) (WALES) REGULATIONS 2004
650 _aLEASEHOLD VALUATION TRIBUNAL FEES
690 _aLANDLORD AND TENANT-LEASEHOLD REFORM
856 _uhttps://www.legislation.hmso.gov.uk/legislation/wales/wsi2004/20040681e.htm
_zView the Regulations on the HMSO website...
942 _n0
999 _c103967
_d103967